La evaluación del lenguaje: teoría y práctica del proceso de evaluación de la conducta lingüística infantil

-д хадгалсан:
Номзүйн дэлгэрэнгүй
Үндсэн зохиолч: Acosta Rodríguez, Víctor M (Зохиогч)
Формат: Ном
Хэл сонгох:испани
Хэвлэсэн: Málaga Aljibe 1996
Цуврал:Colección Biblioteca de Educación
Нөхцлүүд:
Шошгууд: Шошго нэмэх
Шошго байхгүй, Энэхүү баримтыг шошголох эхний хүн болох!

MARC

LEADER 00000cam a2200000 a 4500
001 UCM0723
003 CL-VaPUC
008 020308e19960000SP |||||||||||||||||spa|d
020 |a 8487767508 
082 0 4 |a 407  |b ACO  |2 21 
100 0 |a Acosta Rodríguez, Víctor M  |e author  |9 467660 
245 1 3 |a La evaluación del lenguaje: teoría y práctica del proceso de evaluación de la conducta lingüística infantil 
300 |a 214 p 
942 |c BK 
945 |d 20020308 00:00:00  |a vberengu 
260 |a Málaga  |b Aljibe  |c 1996 
650 0 |a Evaluación  |9 271902 
650 7 |a LENGUAJE - EVALUACION  |2 CL-VaPUC  |9 467661 
583 |a last modification  |c 20151126 10:14:16  |k Rodrigo Vera 
490 0 |a Colección Biblioteca de Educación 
999 |c 299560  |d 299558 
952 |0 0  |1 0  |4 0  |6 407_000000000000000_ACO_1996  |7 0  |8 A  |9 356219  |a FDOPOS  |b FDOPOS  |d 2019-11-21  |i 3790479  |l 1  |o 407 ACO 1996  |p 3790479  |r 2025-01-22  |s 2022-10-25  |w 2019-11-21  |y BK  |k MLA